Definition of prime cost of daywork carried out under a building contract (Record no. 107180)
[ view plain ]
| 000 -LEADER | |
|---|---|
| fixed length control field | 01892cam a22003015a 4500 |
| 001 - CONTROL NUMBER | |
| control field | L138499 |
| 008 - FIXED-LENGTH DATA ELEMENTS--GENERAL INFORMATION | |
| fixed length control field | 070614s2007 xxk f 000 0 eng d |
| 020 ## - INTERNATIONAL STANDARD BOOK NUMBER | |
| International Standard Book Number | 9781904829621 |
| 035 ## - SYSTEM CONTROL NUMBER | |
| System control number | (Sirsi) u138499 |
| 041 0# - LANGUAGE CODE | |
| Language code of text/sound track or separate title | eng |
| 050 04 - LIBRARY OF CONGRESS CALL NUMBER | |
| Classification number | 692.8 $2 18 |
| 110 2# - MAIN ENTRY--CORPORATE NAME | |
| Corporate name or jurisdiction name as entry element | Royal Institution of Chartered Surveyors |
| 9 (RLIN) | 4900 |
| 245 00 - TITLE STATEMENT | |
| Title | Definition of prime cost of daywork carried out under a building contract |
| 250 ## - EDITION STATEMENT | |
| Edition statement | 3rd ed. |
| 260 ## - PUBLICATION, DISTRIBUTION, ETC. | |
| Place of publication, distribution, etc. | London |
| Name of publisher, distributor, etc. | BCIS |
| Date of publication, distribution, etc. | 2007 |
| 300 ## - PHYSICAL DESCRIPTION | |
| Extent | 16p. |
| Dimensions | 30cm. |
| 505 2# - FORMATTED CONTENTS NOTE | |
| Formatted contents note | Application -- Composition of total charges -- Labour: option A - percentage addition; option B - all-inclusive rates; non-productive overtime -- Materials and goods -- Plant -- Incidental costs, overheads and profit; non-productive overtime -- Appendix A: model documentation for inclusion in a building contract, where using option A and option B for labour -- Appendix B: example calculations of prime cost of labour in daywork |
| 520 ## - SUMMARY, ETC. | |
| Summary, etc. | Operative from 1 September 2007, this fully revised edition of the definition provides clear rules for calculating a standard hourly base rate for labour for building contracts. The definition provides two options for dealing with the prime cost of labour. "Option A: percentage addition" is based upon the traditional method of pricing labour in daywork, whereas "Option B: all inclusive rates" includes not only the prime cost of labour but also includes an allowance for incidental costs, overheads and profits. |
| 520 ## - SUMMARY, ETC. | |
| Summary, etc. | Supersedes 2nd edition (ISBN 0854060596). |
| 590 ## - LOCAL NOTE (RLIN) | |
| Local note | KA NTK |
| 650 24 - SUBJECT ADDED ENTRY--TOPICAL TERM | |
| Topical term or geographic name entry element | RICS DEFINITION OF PRIME COST OF DAYWORK CARRIED OUT UNDER A BUILDING CONTRACT |
| 651 #4 - SUBJECT ADDED ENTRY--GEOGRAPHIC NAME | |
| Geographic name | United Kingdom |
| Chronological subdivision | |
| 690 ## - LOCAL SUBJECT ADDED ENTRY--TOPICAL TERM (OCLC, RLIN) | |
| Topical term or geographic name as entry element | BUILT ENVIRONMENT-BUILDING COSTS |
| 690 ## - LOCAL SUBJECT ADDED ENTRY--TOPICAL TERM (OCLC, RLIN) | |
| Topical term or geographic name as entry element | BUILT ENVIRONMENT-CONSTRUCTION MANAGEMENT-BUILDING CONTRACT ADMINISTRATION |
| 710 1# - ADDED ENTRY--CORPORATE NAME | |
| Corporate name or jurisdiction name as entry element | Construction Confederation |
| 9 (RLIN) | 3647 |
| 942 ## - ADDED ENTRY ELEMENTS (KOHA) | |
| Suppress in OPAC | 0 |
| Withdrawn status | Lost status | Source of classification or shelving scheme | Damaged status | Not for loan | Home library | Current library | Shelving location | Date acquired | Total Checkouts | Full call number | Barcode | Date last seen | Copy number | Price effective from | Koha item type | Date last checked out |
|---|---|---|---|---|---|---|---|---|---|---|---|---|---|---|---|---|
| Dewey Decimal Classification | London | London | RICS Boxes | 20/05/2009 | RICS 2007/24 | 30073973 | 06/08/2019 | 1 | 06/08/2019 | Archive | ||||||
| Dewey Decimal Classification | London | London | RICS Boxes | 10/07/2007 | 7 | RICS 2007/24 | 30073975 | 06/08/2019 | 2 | 06/08/2019 | Book | 28/10/2009 | ||||
| Dewey Decimal Classification | London | London | RICS Boxes | 10/07/2007 | RICS 2007/24 | 30073974 | 06/08/2019 | 4 | 06/08/2019 | Reference material |